<?xml version="1.0" encoding="UTF-8"?>
<marc:record xmlns:marc="http://www.loc.gov/MARC21/slim">
   <marc:leader>00000nam a2200000 a 4500</marc:leader>
   <marc:datafield ind1="1" ind2=" " tag="100">
      <marc:subfield code="a">Roubini, Nouriel</marc:subfield>
      <marc:subfield code="4">aut</marc:subfield>
      <marc:subfield code="e">Verfasser/-in</marc:subfield>
   </marc:datafield>
   <marc:datafield ind1="1" ind2=" " tag="100">
      <marc:subfield code="a">Mihm, Stephen</marc:subfield>
      <marc:subfield code="4">aut</marc:subfield>
      <marc:subfield code="e">Verfasser/-in</marc:subfield>
   </marc:datafield>
   <marc:datafield ind1="1" ind2=" " tag="100">
      <marc:subfield code="a">Neubauer, Jürgen</marc:subfield>
      <marc:subfield code="4">trl</marc:subfield>
      <marc:subfield code="e">Übersetzer/-in</marc:subfield>
   </marc:datafield>
   <marc:datafield ind1="1" ind2=" " tag="100">
      <marc:subfield code="a">Pyka, Petra</marc:subfield>
      <marc:subfield code="4">trl</marc:subfield>
      <marc:subfield code="e">Übersetzer/-in</marc:subfield>
   </marc:datafield>
   <marc:datafield ind1="1" ind2=" " tag="100">
      <marc:subfield code="a">Roubini, Nouriel</marc:subfield>
   </marc:datafield>
   <marc:datafield ind1="0" ind2="0" tag="245">
      <marc:subfield code="a">Das Ende der Weltwirtschaft und ihre Zukunft</marc:subfield>
   </marc:datafield>
   <marc:datafield ind1="0" ind2="0" tag="245">
      <marc:subfield code="b">Crisis Economics</marc:subfield>
   </marc:datafield>
   <marc:datafield ind1="0" ind2="0" tag="245">
      <marc:subfield code="c">Nouriel Roubini ; Stephen Mihm</marc:subfield>
   </marc:datafield>
   <marc:datafield ind1=" " ind2="1" tag="264">
      <marc:subfield code="a">München</marc:subfield>
      <marc:subfield code="b">Goldmann Verlag</marc:subfield>
      <marc:subfield code="c">2011</marc:subfield>
   </marc:datafield>
   <marc:datafield ind1="1" ind2=" " tag="520">
      <marc:subfield code="a">Angaben aus der Verlagsmeldung

Das Ende der Weltwirtschaft und ihre Zukunft : Crisis Economics Crisis Economics. A Crash Course in the Future of Finance / von Nouriel Roubini, Stephen Mihm

Die nächste Krise wird kommen, und sie wird uns alle treffen. Doch wir werden sie überstehen. Dieses Buch verrät, wie. Der Star - Ökonom Nouriel Roubini sah als weltweit Einziger die Finanzkrise kommen. Er blickt nicht bloß auf ökonomische Daten und Statistiken, sondern bezieht auch politische und historische Entwicklungen in seine Betrachtungen ein. Damit kennt keiner die Bruchstellen der globalen Märkte so genau wie er. Roubini zeigt, wie die Weltwirtschaft erschüttert wurde und warum das nächste große Beben droht, wenn wir keine Gegenmaßnahmen ergreifen. Mit seinen brillanten Analysen weist er den Weg in eine krisenfeste Zukunft.

</marc:subfield>
   </marc:datafield>
   <marc:datafield ind1=" " ind2=" " tag="020">
      <marc:subfield code="a">9783442156863</marc:subfield>
      <marc:subfield code="9">9783442156863</marc:subfield>
   </marc:datafield>
   <marc:datafield ind1=" " ind2=" " tag="041">
      <marc:subfield code="a">ger</marc:subfield>
   </marc:datafield>
   <marc:datafield ind1=" " ind2=" " tag="300">
      <marc:subfield code="a">472 S.</marc:subfield>
   </marc:datafield>
</marc:record>
